| 000 | 00572nam a22001932 4500 | ||
|---|---|---|---|
| 001 | 0000003174 | ||
| 005 | 20170406114816.0 | ||
| 008 | 140528s xx 000 0 eng d | ||
| 020 |
_a9780791408407 : _c$ |
||
| 040 |
_aYour Holding Symbol _cYour Holding Symbol |
||
| 100 | 1 | _aDavis,Winston. | |
| 245 | 1 | 0 |
_aJapanese religion and society : _bparadigms of structure and change. |
| 250 | _a ed. | ||
| 260 |
_aNew york : _bState university press, _c1992. |
||
| 300 |
_a327 p. ; _c cm. |
||
| 504 | _aindex. | ||
| 650 | 0 | _ajapa religion. | |
| 908 | _a140528 | ||
| 999 |
_c3053 _d3053 |
||